1887 1471 1721 1221 1131 1721 1373 1893 1159 1702 1002 1742 1684 1166 1468 1128 1396 1232 1262 1169 1633 1799 1395 1029 1379 1880 1907 1469 1208 1479 1260 1029 1207 1774 1716 1864 1834 1354 1354 1784 1116 1115 1284 1613 1219 1168 1700 1135 1460 1376 1852 1525 1902 1915 1263 1990 1361 1402 1689 1138 1106 1386 1504 1713 1429 1139 1327 1968 1543 1485 1581 1186 1579 1588 1604 1174 1033 1517 1081 1501 1318 1793 1305 1875 1642 1656 1834 1164 1431 1680 1480 1745 1415 1051 1491 1007 1193 1455 1560 BCNSPRNW ULIB Ver.6.0+V

เปลี่ยนเป็นภาษาไทย

Change to English
 แสดงรายละเอียดบรรณานุกรม
  กลับหน้าหลัก

Brief Record : Get Marc (ISO 2709) : E-mail record : QR code < ปิดหน้าต่าง
LEADER : 00000nam 2200000uu 4500
001    13399111061
003     ULIB
008    110615s||||||||th 000 0 tha d
020    9789749965597
050  4 BF412^bค439 2551
100 1  ฮอร์สัน, ทิม
245 10 คิดอย่างอัจฉริยะ =^bThink better /^cเขียน: Tim Hurson ;พรศักดิ์ อุรัทฉัทชัยรัตน์, แปลและเรียบเรียง
246 31 Think better
260    กรุงเทพฯ :^bแมคกรอ-ฮิล,^c[2551]
300    232 หน้า :^bภาพประกอบ ;^c23 ซม.
650  7 ความคิดสร้างสรรค์
650  7 ความคิดและการคิด
700 0  พรศักดิ์ อุรัทฉัทชัยรัตน์,^eผู้แปล
700 12 Hurson, Tim.^tThink better
945    ^p235^l0^i024948
945    ^p235^l0^i024947
995    ทศพร
999 ^a ใช้งานได้ทุกระบบ
รายการนี้ยังไม่มีแท็ก
คุณยังไม่ได้ล็อกอิน คุณสามารถมีกิจกรรมร่วมกับเว็บไซต์ได้ แต่ต้องล็อกอินก่อน ::
  ล็อกอิน

รายการสื่อสารสนเทศ

ลำดับที่ ประเภท เลขเรียก/บาร์โค้ด สถานที่ สถานะ
- ไม่พบข้อมูล -

รายการใกล้เคียง
    หัวเรื่อง [ความคิดสร้างสรรค์]
    หัวเรื่อง [ความคิดและการคิด]

BibComment


ยังไม่เคยถูกคอมเมนท์

คอมเมนท์ทรัพยากรรายการนี้
  คอมเมนท์: คิดอย่างอัจฉริยะ ..


 Copyright 2026. Bcnsprnw @Library